Administración y dirección técnica de la producción
Gorde:
| Egile nagusia: | |
|---|---|
| Formatua: | Liburua |
| Hizkuntza: | gaztelania |
| Argitaratua: |
Ciudad de México
Limusa
1965
|
| Gaiak: | |
| Etiketak: |
Etiketa erantsi
Etiketarik gabe, Izan zaitez lehena erregistro honi etiketa jartzen!
|
MARC
| LEADER | 00000nam a2200000 a 4500 | ||
|---|---|---|---|
| 001 | UCX8805 | ||
| 003 | CL-VaPUC | ||
| 008 | 940502e19650000MX |||||||||||||||||spa|d | ||
| 082 | 0 | 4 | |a 658.5 |b BUF |2 21 |
| 100 | 0 | |a Buffa, Elwood Spencer |e author |9 326013 | |
| 245 | 1 | 0 | |a Administración y dirección técnica de la producción |
| 300 | |a 653 p | ||
| 942 | |c BK | ||
| 945 | |d 19940502 00:00:00 |a mfernand | ||
| 260 | |a Ciudad de México |b Limusa |c 1965 | ||
| 650 | 0 | |a Gestión de la producción |9 259467 | |
| 583 | |a last modification |c 19940502 00:00:00 |k Rodrigo Vera | ||
| 999 | |c 228202 |d 228200 | ||
| 952 | |0 0 |1 0 |4 0 |6 658_500000000000000_BUF_1965 |7 0 |8 A |9 227995 |a BIBGIM |b BIBGIM |d 2019-11-15 |i 2969297 |o 658.5 BUF 1965 |p 2969297 |r 2025-01-15 |w 2019-11-15 |y BK |k COM | ||
| 952 | |0 0 |1 0 |2 ddc |4 0 |6 658_500000000000000_BUF_1965 |7 0 |8 CCM |9 227996 |a BIBCUR |b BIBCUR |d 2019-11-15 |i 3050211 |o 658.5 BUF 1965 |p 3050211 |r 2025-04-22 |w 2019-11-15 |y BK |k CIM | ||
| 952 | |0 0 |1 0 |4 0 |6 658_500000000000000_BUF_1965 |7 0 |8 CCM |9 227997 |a BIBCUR |b BIBCUR |d 2019-11-15 |i 305022K |o 658.5 BUF 1965 |p 305022K |r 2025-04-22 |w 2019-11-15 |y BK |k CIM | ||
| 952 | |0 0 |1 0 |4 0 |6 658_500000000000000_BUF_1965 |7 0 |8 A |9 227998 |a BIBGIM |b BIBGIM |d 2019-11-15 |i 4077342 |o 658.5 BUF 1965 |p 4077342 |r 2025-01-15 |w 2019-11-15 |y BK |k GIM | ||
| 952 | |0 0 |1 0 |4 0 |6 658_500000000000000_BUF_1965 |7 0 |8 A |9 227999 |a BIBMEC |b BIBMEC |d 2019-11-15 |i 4166493 |o 658.5 BUF 1965 |p 4166493 |r 2024-01-19 |w 2019-11-15 |y BK |k MEC | ||